Sports Quiz

Random Sports Quiz
Score 0/16 Timer 05:00
0 Plays Today
Position Player % Correct
CBJody Craddock
99.1%
RMMichael Kightly
63.5%
CMKarl Henry
63.1%
GKWayne Hennessey
52.7%
RBKevin Foley
48.2%
CFAndy Keogh
47.3%
ATTStephen Ward
45.9%
CBRob Edwards
41.9%
Position Player % Correct
CFFreddy Eastwood
31.1%
DEFNeill Collins
23.9%
CMDarren Potter
19.4%
GKGraham Stack
17.1%
DEFJamie Clapham
14.4%
LBCharlie Mulgrew
7.2%
MIDStephen Gleeson
4.5%
LMElliott Bennett
3.2%
Remove Ads.
Support Sporcle.
Get the best of Sporcle when you Go Orange. This ad-free experience offers more features, more stats, and more fun while also helping to support Sporcle. Thank you for becoming a member.

You're not logged in!

Compare scores with friends on all Sporcle quizzes.
OR
Log In

Sporcle TV

Today on Sporcle TV


Watch our educational content, quiz creation guides, and fun videos on Sporcle TV.

Show Comments

Extras

Created May 11, 2020ReportNominate
Tags:Wolverhampton Wanderers

Top Quizzes Today


Score Distribution

Paid Content

Your Account Isn't Verified!

In order to create a playlist on Sporcle, you need to verify the email address you used during registration. Go to your Sporcle Settings to finish the process.

Report this User

Report this user for behavior that violates our Community Guidelines.

Details: